000
00262nam a2200109Ia 4500
008
220204s9999 xx 000 0 und d
082
_a
771.3
_b
REY;1
100
_a
Reynolds, Clyde
245
0
_a
Photoguide to cameras
260
_a
London
_b
Focal
_c
1976
942
_c
BK
999
_c
33080
_d
33080